[Event "Fagernes Open 2021"]
[Site "Fagernes"]
[Date "2021.10.12"]
[Round "4.9"]
[White "Pedersen, Max Moe"]
[Black "Strand, Amund Pihl"]
[Result "1/2-1/2"]
[WhiteElo "1837"]
[BlackElo "1712"]
[Annotator "NA"]
[PlyCount "96"]
[EventDate "2021.10.10"]
[EventCountry "NOR"]
[SourceTitle "playchess.com"]
[Source "ChessBase"]
[SourceQuality "1"]
[TimeControl "40/5400+30:1800+30"]

1. d4 {[%emt 0:00:00]} Nf6 {[%emt 0:00:00]} 2. c4 {[%emt 0:00:00]} c5 {[%emt 0:00:00]} 3. d5 {[%emt 0:00:00]} e6 {[%emt 0:00:00]} 4. Nc3 {[%emt 0:00:00]} exd5 {[%emt 0:00:00]} 5. cxd5 {[%emt 0:00:00]} d6 {[%emt 0:00:00]} 6. Nf3 {[%emt 0:00:00]} g6 {[%emt 0:00:00]} 7. Nd2 {[%emt 0:00:00]} Bg7 {[%emt 0:00:00]} 8. e4 {[%emt 0:00:00]} O-O {[%emt 0:00:00]} 9. Be2 {[%emt 0:00:00]} Qe7 {[%emt 0:03:11]} 10. O-O {[%emt 0:00:00]} b6 {[%emt 0:06:11]} 11. a4 {[%emt 0:00:00]} Na6 {[%emt 0:10:57]} 12. f3 {[%emt 0:00:41]} Nc7 {[%emt 0:07:20]} 13. Nc4 {[%emt 0:03:45]} Nfe8 {[%emt 0:05:10]} 14. Bf4 {[%emt 0:10:04]} Ba6 {[%emt 0:01:15]} 15. Qd2 {[%emt 0:02:55]} Bxc4 {[%emt 0:01:17]} 16. Bxc4 {[%emt 0:00:05]} a6 {[%emt 0:05:47]} 17. Rfe1 {[%emt 0:06:13]} Qd7 {[%emt 0:11:19]} 18. Qd3 {[%emt 0:08:11]} Nf6 {[%emt 0:09:41]} 19. g4 {[%emt 0:16:22]} Rfd8 {[%emt 0:07:50]} 20. Rad1 {[%emt 0:00:00]} Nfe8 {[%emt 0:02:48]} 21. Re2 {[%emt 0:01:55]} Rdb8 {[%emt 0:02:01]} 22. e5 {[%emt 0:17:24]} dxe5 {[%emt 0:01:13]} 23. Bxe5 {[%emt 0:01:33]} Bxe5 {[%emt 0:03:45]} 24. Rxe5 {[%emt 0:00:10]} Nd6 {[%emt 0:00:07]} 25. Ne4 {[%emt 0:03:10]} Nxe4 {[%emt 0:05:05]} 26. Rxe4 {[%emt 0:00:45]} b5 {[%emt 0:02:28]} 27. Ba2 {[%emt 0:00:56]} c4 {[%emt 0:00:25]} 28. Qe2 {[%emt 0:01:43]} Re8 {[%emt 0:00:34]} 29. d6 {[%emt 0:04:35]} Ne6 {[%emt 0:01:22]} 30. Qe3 {[%emt 0:04:55]} Qa7 {[%emt 0:03:27]} 31. b3 {[%emt 0:02:57]} c3 {[%emt 0:02:10]} 32. Qxa7 {[%emt 0:04:34]} Rxa7 {[%emt 0:00:07]} 33. Rc1 {[%emt 0:00:58]} Rd7 {[%emt 0:01:00]} 34. axb5 {[%emt 0:01:57]} axb5 {[%emt 0:00:14]} 35. b4 {[%emt 0:02:04]} Rxd6 {[%emt 0:03:27]} 36. Re3 {[%emt 0:07:36]} (36. Rxc3 $11 Rd1+ 37. Kf2) 36... Rd4 {[%emt 0:03:45]} 37. Bxe6 {[%emt 0:00:59]} Rxe6 {[%emt 0:00:40]} 38. Rxe6 {[%emt 0:00:07]} fxe6 {[%emt 0:00:05]} 39. Rxc3 {[%emt 0:00:04]} Rxb4 {[%emt 0:00:09]} 40. Rc7 {[%emt 0:00:14]} Rb2 $11 {[%emt 0:00:25]} ({Better is} 40... Rb1+ $17 41. Kg2 g5) 41. Re7 {[%emt 0:31:18]} b4 {[%emt 0:31:10]} 42. Rxe6 {[%emt 0:00:04]} Kf7 {[%emt 0:00:11]} 43. Rb6 {[%emt 0:00:12]} h6 {[%emt 0:00:45]} 44. Rc6 {[%emt 0:00:25]} b3 {[%emt 0:00:37]} 45. Rb6 {[%emt 0:00:05]} Rb1+ {[%emt 0:00:52]} 46. Kg2 {[%emt 0:00:09]} b2 {[%emt 0:00:10]} 47. Kh3 {[%emt 0:00:24]} Rf1 {[%emt 0:01:10]} 48. Rxb2 {[%emt 0:00:09]} Rxf3+ {[%emt 0:01:25]} 1/2-1/2

[Event "Fagernes Open 2021"]
[Site "Fagernes"]
[Date "2021.10.12"]
[Round "4.10"]
[White "Fredriksen, Jan Gunnar"]
[Black "Grindbakken, Erik"]
[Result "1/2-1/2"]
[WhiteElo "1835"]
[BlackElo "1632"]
[Annotator "NA RC"]
[PlyCount "64"]
[EventDate "2021.10.10"]
[EventCountry "NOR"]
[SourceTitle "playchess.com"]
[Source "ChessBase"]
[SourceQuality "1"]
[TimeControl "40/5400+30:1800+30"]

1. e4 {[%emt 0:00:00]} e6 {[%emt 0:00:00]} 2. c4 {[%emt 0:00:00]} d5 {[%emt 0:00:00]} 3. exd5 {[%emt 0:00:00]} exd5 {[%emt 0:00:00]} 4. cxd5 {[%emt 0:00:00]} Nf6 {[%emt 0:00:00]} 5. Bb5+ {[%emt 0:00:00]} Bd7 {[%emt 0:00:00]} 6. Bc4 {[%emt 0:00:00]} Bg4 {[%emt 0:00:00]} 7. Qb3 {[%emt 0:00:00]} Qe7+ {[%emt 0:00:00]} 8. Qe3 {[%emt 0:00:12]} Nbd7 {[%emt 0:00:00]} 9. Nc3 {[%emt 0:00:26]} Nb6 {[%emt 0:00:06]} 10. Bb5+ {[%emt 0:04:38]} Bd7 {[%emt 0:01:12]} 11. d6 {[%emt 0:11:42]} Qxe3+ {[%emt 0:00:59]} 12. dxe3 {[%emt 0:00:46]} Bxd6 {[%emt 0:00:19]} 13. Bxd7+ {[%emt 0:01:42]} Kxd7 {[%emt 0:01:46]} 14. Nge2 {[%emt 0:00:54]} a6 {[%emt 0:01:17]} 15. O-O {[%emt 0:00:44]} Rae8 {[%emt 0:05:19]} 16. b3 {[%emt 0:02:03]} h5 {[%emt 0:02:02]} 17. Bb2 {[%emt 0:02:40]} h4 {[%emt 0:02:30]} 18. Rfd1 {[%emt 0:02:42]} Kc8 {[%emt 0:05:27]} 19. Rac1 {[%emt 0:01:13]} Kb8 {[%emt 0:03:48]} 20. h3 {[%emt 0:05:45]} Rh6 {[%emt 0:01:19]} 21. Nd4 {[%emt 0:00:23]} Rh5 {[%emt 0:02:51]} 22. Nf3 {[%emt 0:03:31]} Nbd7 {[%emt 0:07:11]} 23. Rd4 {[%emt 0:06:22]} Ne5 {[%emt 0:05:11]} 24. Nxe5 {[%emt 0:09:43]} Bxe5 {[%emt 0:00:41]} 25. Rd3 {[%emt 0:01:51]} Rhh8 {[%emt 0:17:51]} 26. Na4 {[%emt 0:03:26]} Bxb2 {[%emt 0:00:23]} 27. Nxb2 {[%emt 0:00:07]} Rd8 {[%emt 0:01:01]} 28. Rcd1 {[%emt 0:01:46]} Kc8 {[%emt 0:00:26]} 29. Kf1 {[%emt 0:00:46]} Rxd3 {[%emt 0:01:31]} 30. Rxd3 {[%emt 0:02:13]} Rd8 {[%emt 0:00:20]} 31. Ke2 {[%emt 0:00:55]} Ne4 {[%emt 0:01:02]} 32. Nd1 {[%emt 0:01:28]} Rd7 {[%emt 0:08:56]} 1/2-1/2

[Event "Fagernes Open 2021"]
[Site "Fagernes"]
[Date "2021.10.12"]
[Round "4.11"]
[White "Bach, Oliver"]
[Black "Lystad, Maximilian L"]
[Result "1/2-1/2"]
[WhiteElo "1715"]
[BlackElo "1767"]
[Annotator "NA"]
[PlyCount "127"]
[EventDate "2021.10.10"]
[EventCountry "NOR"]
[SourceTitle "playchess.com"]
[Source "ChessBase"]
[SourceQuality "1"]
[TimeControl "40/5400+30:1800+30"]

1. d4 {[%emt 0:00:00]} e6 {[%emt 0:00:00]} 2. Nf3 {[%emt 0:00:00]} Nf6 {[%emt 0:00:00]} 3. c4 {[%emt 0:00:00]} b6 {[%emt 0:00:00]} 4. Nc3 {[%emt 0:00:00]} Bb7 {[%emt 0:00:00]} 5. Bg5 {[%emt 0:00:00]} Be7 {[%emt 0:00:00]} 6. e3 {[%emt 0:00:00]} Ne4 {[%emt 0:00:00]} 7. Bxe7 {[%emt 0:00:00]} Qxe7 {[%emt 0:00:00]} 8. Nxe4 {[%emt 0:00:00]} Bxe4 {[%emt 0:00:00]} 9. Bd3 {[%emt 0:00:00]} Qb4+ {[%emt 0:00:27]} 10. Qd2 {[%emt 0:00:00]} Qxd2+ {[%emt 0:00:46]} 11. Kxd2 {[%emt 0:00:00]} Bxd3 {[%emt 0:04:01]} 12. Kxd3 {[%emt 0:00:00]} Nc6 {[%emt 0:00:22]} 13. e4 {[%emt 0:00:00]} O-O {[%emt 0:03:55]} 14. Rhe1 {[%emt 0:00:00]} f5 {[%emt 0:03:37]} 15. e5 {[%emt 0:00:11]} Rab8 {[%emt 0:01:45]} 16. a3 {[%emt 0:04:34]} b5 {[%emt 0:00:50]} 17. b4 {[%emt 0:01:34]} bxc4+ {[%emt 0:01:09]} 18. Kxc4 {[%emt 0:00:22]} Ne7 {[%emt 0:00:09]} 19. Rab1 {[%emt 0:10:13]} Rb6 {[%emt 0:03:26]} 20. b5 {[%emt 0:02:23]} c6 {[%emt 0:00:51]} 21. bxc6 {[%emt 0:02:33]} Rxc6+ {[%emt 0:00:11]} 22. Kd3 {[%emt 0:00:39]} Rfc8 {[%emt 0:00:32]} 23. Rb3 {[%emt 0:00:59]} Nd5 {[%emt 0:00:17]} 24. Reb1 {[%emt 0:01:52]} Nf4+ {[%emt 0:02:09]} 25. Ke3 {[%emt 0:00:59]} Nxg2+ {[%emt 0:00:11]} 26. Ke2 {[%emt 0:00:24]} Nf4+ {[%emt 0:01:50]} 27. Ke3 {[%emt 0:02:26]} Nd5+ {[%emt 0:00:16]} 28. Kd3 {[%emt 0:00:23]} Rc3+ {[%emt 0:04:20]} 29. Kd2 {[%emt 0:07:03]} Rc2+ {[%emt 0:08:05]} 30. Ke1 {[%emt 0:04:28]} R8c3 {[%emt 0:08:50]} 31. Rxc3 {[%emt 0:12:11]} Rxc3 {[%emt 0:00:12]} 32. Rb8+ {[%emt 0:00:15]} Kf7 {[%emt 0:00:06]} 33. Nd2 {[%emt 0:00:17]} Rxa3 {[%emt 0:12:51]} 34. Nc4 {[%emt 0:02:11]} Ra4 {[%emt 0:02:20]} 35. Nd6+ {[%emt 0:00:24]} Kg6 {[%emt 0:00:08]} 36. Rb7 {[%emt 0:01:47]} Rxd4 {[%emt 0:01:38]} 37. Rxa7 {[%emt 0:01:42]} Nf4 {[%emt 0:04:52]} 38. Ra5 {[%emt 0:04:55]} Rd5 {[%emt 0:03:24]} 39. Rxd5 {[%emt 0:00:41]} Nxd5 {[%emt 0:00:10]} 40. Ke2 {[%emt 0:01:32]} Kh5 {[%emt 0:01:24]} 41. Kf3 {[%emt 0:31:30]} Ne7 {[%emt 0:30:40]} 42. Nc4 {[%emt 0:00:37]} Nc6 {[%emt 0:00:31]} 43. Kg3 {[%emt 0:01:04]} g5 {[%emt 0:01:51]} 44. f4 {[%emt 0:01:58]} gxf4+ {[%emt 0:00:10]} 45. Kxf4 {[%emt 0:00:22]} Nb4 {[%emt 0:00:26]} 46. Kf3 {[%emt 0:03:49]} Nc6 {[%emt 0:04:26]} 47. Kf4 {[%emt 0:00:58]} Ne7 {[%emt 0:01:35]} 48. Kf3 {[%emt 0:02:16]} Nd5 {[%emt 0:00:17]} 49. Kg3 {[%emt 0:02:36]} Nc3 {[%emt 0:03:27]} 50. Nb6 {[%emt 0:01:55]} Ne4+ {[%emt 0:00:15]} 51. Kf4 {[%emt 0:01:16]} Nc5 {[%emt 0:01:37]} 52. Ke3 {[%emt 0:02:15]} Kg4 {[%emt 0:02:17]} 53. Kd4 {[%emt 0:01:12]} Nb3+ {[%emt 0:00:07]} 54. Kc4 {[%emt 0:00:46]} Nd2+ {[%emt 0:00:24]} 55. Kd3 {[%emt 0:01:20]} Nf3 {[%emt 0:00:14]} 56. Nxd7 {[%emt 0:00:45]} Kf4 {[%emt 0:00:06]} 57. Nf8 {[%emt 0:00:58]} Kxe5 {[%emt 0:02:23]} 58. Nxh7 {[%emt 0:02:15]} Nxh2 {[%emt 0:00:08]} 59. Ke3 {[%emt 0:00:49]} f4+ {[%emt 0:00:19]} 60. Kf2 {[%emt 0:00:35]} Ng4+ {[%emt 0:00:19]} 61. Kf3 {[%emt 0:00:32]} Kf5 {[%emt 0:00:09]} 62. Nf8 {[%emt 0:00:43]} Nf6 {[%emt 0:00:21]} 63. Nxe6 {[%emt 0:00:37]} Kxe6 {[%emt 0:00:04]} 64. Kxf4 {[%emt 0:00:01]} 1/2-1/2

[Event "Fagernes Open 2021"]
[Site "Fagernes"]
[Date "2021.10.12"]
[Round "4.12"]
[White "Galinsky, Misha"]
[Black "Shehzad, Alina"]
[Result "1-0"]
[WhiteElo "1756"]
[BlackElo "1189"]
[Annotator "NA"]
[PlyCount "53"]
[EventDate "2021.10.10"]
[EventCountry "NOR"]
[SourceTitle "playchess.com"]
[Source "ChessBase"]
[SourceQuality "1"]
[TimeControl "40/5400+30:1800+30"]

1. d4 {[%emt 0:00:00]} e6 {[%emt 0:00:00]} 2. c4 {[%emt 0:00:00]} Nf6 {[%emt 0:00:00]} 3. g3 {[%emt 0:00:00]} d5 {[%emt 0:00:00]} 4. Nf3 {[%emt 0:00:00]} c5 {[%emt 0:00:00]} 5. cxd5 {[%emt 0:00:00]} Nxd5 {[%emt 0:00:00]} 6. e4 {[%emt 0:00:00]} Nf6 {[%emt 0:00:00]} 7. Nc3 {[%emt 0:00:00]} Nc6 {[%emt 0:00:00]} 8. d5 {[%emt 0:03:02]} exd5 {[%emt 0:04:45]} 9. exd5 {[%emt 0:00:42]} Nb4 {[%emt 0:00:57]} 10. Bb5+ {[%emt 0:01:56]} Bd7 {[%emt 0:02:46]} 11. d6 {[%emt 0:04:24]} a6 {[%emt 0:07:40]} 12. Qe2+ {[%emt 0:00:19]} Be7 {[%emt 0:03:25]} 13. Bxd7+ {[%emt 0:00:08]} Qxd7 {[%emt 0:01:03]} 14. dxe7 {[%emt 0:00:40]} Qf5 {[%emt 0:04:17]} 15. O-O {[%emt 0:03:39]} Nc6 {[%emt 0:02:20]} 16. Re1 {[%emt 0:04:56]} h6 {[%emt 0:14:49]} 17. Ne4 {[%emt 0:01:40]} Nxe4 {[%emt 0:02:26]} 18. Qxe4 {[%emt 0:00:12]} Qf6 {[%emt 0:01:19]} 19. Be3 {[%emt 0:00:42]} b6 {[%emt 0:06:36]} 20. Ne5 {[%emt 0:03:08]} Rc8 {[%emt 0:03:41]} 21. Nxc6 {[%emt 0:00:21]} Rxc6 {[%emt 0:00:14]} 22. Rad1 {[%emt 0:00:30]} Rc8 {[%emt 0:05:59]} 23. Qb7 {[%emt 0:00:09]} Qf5 {[%emt 0:00:55]} 24. Bf4 {[%emt 0:00:18]} f6 {[%emt 0:03:02]} 25. Rd8+ {[%emt 0:00:08]} Rxd8 {[%emt 0:00:26]} 26. exd8=R+ {[%emt 0:00:07]} Kxd8 {[%emt 0:00:18]} 27. Qc7# {[%emt 0:00:08]} 1-0

[Event "Fagernes Open 2021"]
[Site "Fagernes"]
[Date "2021.10.12"]
[Round "4.14"]
[White "Lye, Sigurd"]
[Black "Rynning, Rune Kleiven"]
[Result "1-0"]
[WhiteElo "1821"]
[BlackElo "1721"]
[Annotator "NA"]
[PlyCount "65"]
[EventDate "2021.10.10"]
[EventCountry "NOR"]
[SourceTitle "playchess.com"]
[Source "ChessBase"]
[SourceQuality "1"]
[TimeControl "40/5400+30:1800+30"]

1. e4 {[%emt 0:00:00]} c5 {[%emt 0:00:00]} 2. Nf3 {[%emt 0:00:00]} d6 {[%emt 0:00:00]} 3. Bb5+ {[%emt 0:00:00]} Nd7 {[%emt 0:00:00]} 4. Ba4 {[%emt 0:00:00]} Ngf6 {[%emt 0:00:00]} 5. O-O {[%emt 0:00:00]} a6 {[%emt 0:05:06]} 6. c4 {[%emt 0:00:00]} e6 {[%emt 0:07:44]} 7. Nc3 {[%emt 0:00:00]} Be7 {[%emt 0:04:27]} 8. d3 {[%emt 0:00:00]} O-O {[%emt 0:00:34]} 9. a3 {[%emt 0:00:00]} b6 {[%emt 0:01:57]} 10. Rb1 {[%emt 0:00:00]} Bb7 {[%emt 0:01:36]} 11. h3 {[%emt 0:00:00]} Qc7 {[%emt 0:01:23]} 12. Bf4 {[%emt 0:01:23]} Rfd8 {[%emt 0:08:40]} 13. Qe2 {[%emt 0:06:13]} Rac8 {[%emt 0:07:19]} 14. Bh2 {[%emt 0:07:28]} Bc6 {[%emt 0:06:50]} 15. Bc2 {[%emt 0:07:41]} Qb7 {[%emt 0:00:12]} 16. b4 {[%emt 0:01:40]} Qa8 {[%emt 0:09:18]} 17. Rfd1 {[%emt 0:15:27]} b5 {[%emt 0:12:33]} 18. bxc5 {[%emt 0:12:08]} dxc5 {[%emt 0:00:32]} 19. cxb5 {[%emt 0:00:47]} axb5 {[%emt 0:00:44]} 20. Nxb5 {[%emt 0:00:49]} c4 {[%emt 0:11:39]} 21. Bd6 {[%emt 0:22:56]} cxd3 {[%emt 0:01:48]} 22. Bxd3 {[%emt 0:00:29]} Bxb5 {[%emt 0:06:57]} 23. Bxe7 {[%emt 0:00:36]} Bxd3 {[%emt 0:00:18]} 24. Rxd3 {[%emt 0:02:53]} Re8 {[%emt 0:00:11]} 25. Bb4 {[%emt 0:01:48]} Nc5 {[%emt 0:00:58]} 26. Bxc5 {[%emt 0:01:38]} Rxc5 {[%emt 0:01:05]} 27. Nd2 {[%emt 0:01:59]} Rec8 {[%emt 0:01:15]} 28. Rdb3 {[%emt 0:03:15]} Rc1+ {[%emt 0:02:37]} 29. Rxc1 {[%emt 0:00:46]} Rxc1+ {[%emt 0:00:03]} 30. Kh2 {[%emt 0:00:17]} Ra1 {[%emt 0:03:01]} 31. Qa6 {[%emt 0:03:12]} Qd8 {[%emt 0:03:12]} 32. Qa5 {[%emt 0:04:51]} Qe7 {[%emt 0:02:11]} 33. Rb7 {[%emt 0:09:04]} 1-0

[Event "Fagernes Open 2021"]
[Site "Fagernes"]
[Date "2021.10.12"]
[Round "4.15"]
[White "Sekkingstad, Thomas"]
[Black "Eiding, Amanda Mai Irgens"]
[Result "1-0"]
[WhiteElo "1812"]
[BlackElo "1639"]
[Annotator "NA"]
[PlyCount "71"]
[EventDate "2021.10.10"]
[EventCountry "NOR"]
[SourceTitle "playchess.com"]
[Source "ChessBase"]
[SourceQuality "1"]
[TimeControl "40/5400+30:1800+30"]

1. d4 {[%emt 0:00:00]} d5 {[%emt 0:00:00]} 2. c4 {[%emt 0:00:00]} c6 {[%emt 0:00:00]} 3. Nf3 {[%emt 0:00:00]} Nf6 {[%emt 0:00:00]} 4. Nc3 {[%emt 0:00:00]} e6 {[%emt 0:00:00]} 5. Bg5 {[%emt 0:00:00]} h6 {[%emt 0:00:00]} 6. Bh4 {[%emt 0:00:00]} dxc4 {[%emt 0:00:00]} 7. Ne5 {[%emt 0:00:00]} b5 {[%emt 0:00:00]} 8. a4 {[%emt 0:00:00]} a6 {[%emt 0:00:00]} 9. axb5 {[%emt 0:00:00]} g5 {[%emt 0:00:00]} 10. Bg3 {[%emt 0:00:00]} cxb5 {[%emt 0:00:00]} 11. Nxb5 {[%emt 0:00:41]} Bb4+ {[%emt 0:00:00]} 12. Nc3 {[%emt 0:00:06]} Nd5 {[%emt 0:05:28]} 13. Qc2 {[%emt 0:04:08]} Bb7 {[%emt 0:26:45]} 14. e3 {[%emt 0:02:33]} Nd7 {[%emt 0:24:47]} 15. h4 {[%emt 0:22:36]} N7b6 {[%emt 0:07:01]} 16. Be2 {[%emt 0:15:01]} Rc8 {[%emt 0:00:50]} 17. Bf3 {[%emt 0:01:38]} h5 {[%emt 0:11:56]} 18. Qd2 {[%emt 0:10:26]} g4 {[%emt 0:04:02]} 19. Be4 {[%emt 0:00:24]} a5 {[%emt 0:01:52]} 20. O-O {[%emt 0:09:28]} f5 {[%emt 0:07:06]} 21. Bc2 {[%emt 0:00:45]} Nf6 {[%emt 0:00:20]} 22. Qe2 {[%emt 0:02:22]} Bxc3 {[%emt 0:00:33]} 23. bxc3 {[%emt 0:00:07]} Qd5 {[%emt 0:00:08]} 24. f3 {[%emt 0:01:12]} gxf3 {[%emt 0:00:05]} 25. Nxf3 {[%emt 0:00:12]} Rg8 {[%emt 0:00:18]} 26. Ng5 {[%emt 0:00:30]} Ng4 {[%emt 0:00:58]} 27. e4 {[%emt 0:00:49]} Qc6 {[%emt 0:02:14]} 28. exf5 {[%emt 0:00:34]} Ne3 {[%emt 0:00:57]} 29. Be4 {[%emt 0:01:33]} Nbd5 {[%emt 0:01:09]} 30. f6 {[%emt 0:03:05]} Rf8 {[%emt 0:01:34]} 31. f7+ {[%emt 0:02:00]} Ke7 {[%emt 0:00:31]} 32. Rfc1 {[%emt 0:01:01]} Ng4 {[%emt 0:02:03]} 33. Rxa5 {[%emt 0:00:37]} Qb6 {[%emt 0:01:41]} 34. Bxd5 {[%emt 0:01:16]} Bxd5 {[%emt 0:00:08]} 35. Rxd5 {[%emt 0:00:20]} Nf6 {[%emt 0:01:32]} 36. Rd6 {[%emt 0:00:13]} 1-0

[Event "Fagernes Open 2021"]
[Site "Fagernes"]
[Date "2021.10.12"]
[Round "4.16"]
[White "Cross, Jamie"]
[Black "Evenshaug, Amadeus Hestvik"]
[Result "1-0"]
[WhiteElo "1761"]
[BlackElo "1609"]
[Annotator "NA RC"]
[PlyCount "111"]
[EventDate "2021.10.10"]
[EventCountry "NOR"]
[SourceTitle "playchess.com"]
[Source "ChessBase"]
[SourceQuality "1"]
[TimeControl "40/5400+30:1800+30"]

1. d4 {[%emt 0:00:00]} Nf6 {[%emt 0:00:00]} 2. Bf4 {[%emt 0:00:00]} d5 {[%emt 0:00:00]} 3. e3 {[%emt 0:00:00]} e6 {[%emt 0:00:00]} 4. Nf3 {[%emt 0:00:00]} Nbd7 {[%emt 0:00:00]} 5. Nbd2 {[%emt 0:00:00]} Be7 {[%emt 0:00:00]} 6. h3 {[%emt 0:00:00]} c6 {[%emt 0:00:00]} 7. Bd3 {[%emt 0:00:00]} b6 {[%emt 0:00:00]} 8. O-O {[%emt 0:00:00]} Bb7 {[%emt 0:00:00]} 9. Ne5 {[%emt 0:00:51]} Nxe5 {[%emt 0:00:00]} 10. dxe5 {[%emt 0:01:37]} Nd7 {[%emt 0:00:39]} 11. Qg4 {[%emt 0:01:30]} g6 {[%emt 0:15:24]} 12. c4 {[%emt 0:18:51]} Nc5 {[%emt 0:07:34]} 13. Be2 {[%emt 0:06:08]} h5 {[%emt 0:10:53]} 14. Qf3 {[%emt 0:00:21]} Bg5 {[%emt 0:00:37]} 15. cxd5 {[%emt 0:06:16]} exd5 {[%emt 0:02:04]} 16. e4 {[%emt 0:03:14]} O-O {[%emt 0:10:59]} 17. exd5 {[%emt 0:02:39]} cxd5 {[%emt 0:02:47]} 18. Rad1 {[%emt 0:10:10]} d4 {[%emt 0:06:44]} 19. Qg3 {[%emt 0:00:29]} Bh4 {[%emt 0:06:09]} 20. Qa3 {[%emt 0:03:15]} Ne6 {[%emt 0:13:21]} 21. Bg3 {[%emt 0:07:49]} Be7 {[%emt 0:04:25]} 22. Qd3 {[%emt 0:01:03]} Nc5 {[%emt 0:01:03]} 23. Qb1 {[%emt 0:00:21]} d3 {[%emt 0:07:17]} 24. Bf3 {[%emt 0:00:52]} Bxf3 {[%emt 0:00:29]} 25. Nxf3 {[%emt 0:00:23]} a5 {[%emt 0:06:23]} 26. Ne1 {[%emt 0:01:51]} Qd4 {[%emt 0:01:04]} 27. Nxd3 {[%emt 0:01:56]} Nxd3 {[%emt 0:00:56]} 28. Rxd3 {[%emt 0:00:30]} Qb4 {[%emt 0:00:36]} 29. Rb3 {[%emt 0:04:40]} Qc5 {[%emt 0:01:41]} 30. Rc1 {[%emt 0:00:38]} Qd4 {[%emt 0:00:12]} 31. Rd1 {[%emt 0:04:12]} Qc5 {[%emt 0:00:17]} 32. Rd7 {[%emt 0:00:36]} Rae8 {[%emt 0:02:19]} 33. e6 {[%emt 0:08:13]} Kg7 {[%emt 0:01:18]} 34. Rc3 {[%emt 0:05:04]} Qg5 {[%emt 0:01:08]} 35. exf7 {[%emt 0:05:17]} Rxf7 {[%emt 0:00:11]} 36. Rcc7 {[%emt 0:00:23]} Ref8 {[%emt 0:00:28]} 37. Qe4 {[%emt 0:03:06]} Bc5 {[%emt 0:01:14]} 38. Be5+ {[%emt 0:03:39]} Kg8 {[%emt 0:00:21]} 39. Rxf7 {[%emt 0:00:20]} Rxf7 {[%emt 0:00:15]} 40. Qa8+ {[%emt 0:02:10]} Bf8 {[%emt 0:00:53]} 41. Rxf7 {[%emt 0:31:29]} Kxf7 {[%emt 0:30:34]} 42. Qd5+ {[%emt 0:00:00]} Ke8 {[%emt 0:00:00]} 43. Qe6+ {[%emt 0:00:00]} Be7 {[%emt 0:00:00]} 44. Bd6 {[%emt 0:00:00]} Qc1+ {[%emt 0:00:00]} 45. Kh2 {[%emt 0:00:00]} Qg5 {[%emt 0:00:00]} 46. Qxe7+ {[%emt 0:00:00]} Qxe7 {[%emt 0:00:00]} 47. Bxe7 {[%emt 0:00:00]} Kxe7 {[%emt 0:00:00]} 48. Kg3 {[%emt 0:00:00]} Kf6 {[%emt 0:00:00]} 49. Kf4 {[%emt 0:00:00]} g5+ {[%emt 0:00:00]} 50. Ke4 {[%emt 0:00:00]} Ke6 {[%emt 0:00:00]} 51. g4 {[%emt 0:00:00]} hxg4 {[%emt 0:00:00]} 52. hxg4 {[%emt 0:00:00]} b5 {[%emt 0:00:00]} 53. a3 {[%emt 0:00:00]} b4 {[%emt 0:00:00]} 54. axb4 {[%emt 0:00:00]} axb4 {[%emt 0:00:00]} 55. b3 {[%emt 0:00:00]} Kf6 {[%emt 0:00:00]} 56. Kd5 {[%emt 0:00:00]} 1-0

[Event "Fagernes Open 2021"]
[Site "Fagernes"]
[Date "2021.10.12"]
[Round "4.17"]
[White "Johannessen, Theo N"]
[Black "Erikstad, Olav Aage"]
[Result "1-0"]
[WhiteElo "1668"]
[BlackElo "1761"]
[Annotator "NA"]
[PlyCount "131"]
[EventDate "2021.10.10"]
[EventCountry "NOR"]
[SourceTitle "playchess.com"]
[Source "ChessBase"]
[SourceQuality "1"]
[TimeControl "40/5400+30:1800+30"]

1. d4 {[%emt 0:00:00]} c6 {[%emt 0:00:00]} 2. Nf3 {[%emt 0:00:00]} d5 {[%emt 0:00:00]} 3. c4 {[%emt 0:00:00]} Nf6 {[%emt 0:00:00]} 4. Nc3 {[%emt 0:00:00]} e6 {[%emt 0:00:00]} 5. Bg5 {[%emt 0:00:00]} dxc4 {[%emt 0:00:00]} 6. e4 {[%emt 0:00:00]} b5 {[%emt 0:00:00]} 7. e5 {[%emt 0:00:00]} h6 {[%emt 0:00:00]} 8. Bh4 {[%emt 0:00:00]} g5 {[%emt 0:00:00]} 9. exf6 {[%emt 0:00:00]} gxh4 {[%emt 0:00:00]} 10. Ne5 {[%emt 0:00:00]} Qxf6 {[%emt 0:00:00]} 11. g3 {[%emt 0:00:00]} Bb7 {[%emt 0:00:00]} 12. Bg2 {[%emt 0:00:00]} a6 {[%emt 0:00:00]} 13. a4 {[%emt 0:00:00]} Bb4 {[%emt 0:00:00]} 14. axb5 {[%emt 0:03:57]} h3 {[%emt 0:12:40]} 15. Bf3 {[%emt 0:05:25]} axb5 {[%emt 0:01:12]} 16. Rxa8 {[%emt 0:01:15]} Bxa8 {[%emt 0:00:01]} 17. Qa1 {[%emt 0:00:21]} O-O {[%emt 0:00:08]} 18. Qxa8 {[%emt 0:01:13]} Nd7 {[%emt 0:03:59]} 19. Qxc6 {[%emt 0:03:20]} Nxe5 {[%emt 0:00:28]} 20. dxe5 {[%emt 0:00:09]} Qxe5+ {[%emt 0:00:10]} 21. Qe4 {[%emt 0:01:45]} Bxc3+ {[%emt 0:01:01]} 22. bxc3 {[%emt 0:00:03]} Qxc3+ {[%emt 0:00:08]} 23. Kf1 {[%emt 0:01:41]} Qc1+ {[%emt 0:01:25]} 24. Qe1 {[%emt 0:00:16]} Qb2 {[%emt 0:02:19]} 25. Qe2 {[%emt 0:00:45]} Qc1+ {[%emt 0:01:07]} 26. Qd1 {[%emt 0:01:57]} Qb2 {[%emt 0:01:57]} 27. Be4 {[%emt 0:04:31]} f5 {[%emt 0:00:58]} 28. Qb1 {[%emt 0:16:57]} Qd4 {[%emt 0:03:36]} 29. Bf3 {[%emt 0:01:44]} e5 {[%emt 0:02:52]} 30. Qd1 {[%emt 0:01:27]} Rd8 {[%emt 0:03:24]} 31. Qxd4 {[%emt 0:00:12]} exd4 {[%emt 0:01:20]} 32. Ke2 {[%emt 0:05:31]} d3+ {[%emt 0:00:48]} 33. Ke3 {[%emt 0:05:33]} d2 {[%emt 0:00:34]} 34. Bd1 {[%emt 0:01:16]} Re8+ {[%emt 0:00:01]} 35. Kxd2 {[%emt 0:00:26]} b4 {[%emt 0:01:13]} 36. Bf3 {[%emt 0:04:57]} Rd8+ {[%emt 0:01:20]} 37. Kc1 {[%emt 0:04:11]} c3 {[%emt 0:00:54]} 38. Rd1 {[%emt 0:00:43]} Re8 {[%emt 0:02:40]} 39. Kc2 {[%emt 0:01:27]} Kg7 {[%emt 0:01:28]} 40. Kb3 {[%emt 0:02:29]} Rb8 {[%emt 0:00:18]} 41. Rd4 {[%emt 0:33:11]} Kf6 {[%emt 0:37:42]} 42. Bd1 {[%emt 0:02:21]} Ke5 {[%emt 0:03:04]} 43. Rf4 {[%emt 0:14:32]} Ra8 {[%emt 0:06:31]} 44. Bc2 {[%emt 0:01:49]} Ra1 {[%emt 0:02:31]} 45. Rxf5+ {[%emt 0:00:50]} Kd4 {[%emt 0:02:55]} 46. Rf4+ {[%emt 0:01:04]} Kc5 {[%emt 0:00:27]} 47. Rc4+ {[%emt 0:00:10]} Kd5 {[%emt 0:01:03]} 48. Rh4 {[%emt 0:00:41]} Ra3+ {[%emt 0:00:42]} 49. Kxb4 {[%emt 0:00:13]} Ra1 {[%emt 0:01:09]} 50. Kxc3 {[%emt 0:03:06]} Rf1 {[%emt 0:00:36]} 51. f4 {[%emt 0:01:23]} Rf3+ {[%emt 0:00:26]} 52. Bd3 {[%emt 0:00:15]} Ke6 {[%emt 0:01:00]} 53. Rxh6+ {[%emt 0:00:28]} Kf7 {[%emt 0:00:24]} 54. Rxh3 {[%emt 0:00:21]} Kg7 {[%emt 0:00:14]} 55. Rh5 {[%emt 0:00:40]} Kg8 {[%emt 0:00:21]} 56. Kd4 {[%emt 0:00:27]} Kg7 {[%emt 0:00:23]} 57. Ke4 {[%emt 0:00:24]} Rf2 {[%emt 0:00:21]} 58. Kf5 {[%emt 0:00:41]} Rb2 {[%emt 0:01:30]} 59. Kg5 {[%emt 0:00:37]} Kg8 {[%emt 0:01:22]} 60. f5 {[%emt 0:00:40]} Rb4 {[%emt 0:00:58]} 61. f6 {[%emt 0:00:38]} Rb7 {[%emt 0:01:47]} 62. Bc4+ {[%emt 0:00:24]} Rf7 {[%emt 0:00:31]} 63. Bxf7+ {[%emt 0:00:16]} Kf8 {[%emt 0:00:02]} 64. Bg6 {[%emt 0:00:23]} Kg8 {[%emt 0:00:40]} 65. f7+ {[%emt 0:00:19]} Kg7 {[%emt 0:00:25]} 66. Rh7+ {[%emt 0:00:08]} 1-0